Oklahoma City Thunder All-NBA Players - Statistics

General Stats
  • This quiz has been taken 445 times
    26 since last reset
  • The average score is 11 of 16
Answer Stats
Player % Correct
Shai Gilgeous-Alexander
100%
Chet Holmgren
96%
Kevin Durant
96%
Russell Westbrook
96%
Gary Payton
88%
Gus Williams
85%
Jalen Williams
85%
Paul George
77%
Shawn Kemp
77%
Chris Paul
73%
Ray Allen
58%
Detlef Schrempf
54%
Dennis Johnson
38%
Dale Ellis
31%
Spencer Haywood
23%
Vin Baker
12%
No matching quizzes found
Score Distribution
Percent of People with Each Score
Percentile by Number Answered
Your Score History
You have not taken this quiz since the last reset